An Episcopal dictionary of the church : (Record no. 29607)
[ view plain ]
| 000 -LEADER | |
|---|---|
| fixed length control field | 00746nam a2200181 4500 |
| 008 - FIXED-LENGTH DATA ELEMENTS--GENERAL INFORMATION | |
| fixed length control field | 070713s2000 nyu bd 000 0 eng |
| 020 ## - INTERNATIONAL STANDARD BOOK NUMBER | |
| International Standard Book Number | 0898692113 :USD23.76/gift: Ms. Mary Yu. |
| 090 ## - LOCALLY ASSIGNED LC-TYPE CALL NUMBER (OCLC); LOCAL CALL NUMBER (OCLC) | |
| Classification number (OCLC) (R) ; Classification number, CALL (RLIN) (NR) | BX5007 |
| Local cutter number (OCLC) ; Book number/undivided call number, CALL (RLIN) | Ep4a |
| -- | 2000 |
| 245 03 - TITLE STATEMENT | |
| Title | An Episcopal dictionary of the church : |
| Remainder of title | a user-friendly reference for Episcopalians / |
| Statement of responsibility, etc | edited by Don S. Armentrout and Robert Boak Slocum. |
| 260 ## - PUBLICATION, DISTRIBUTION, ETC. (IMPRINT) | |
| Place of publication, distribution, etc | New York : |
| Name of publisher, distributor, etc | Church Pub., |
| Date of publication, distribution, etc | 2000. |
| 300 ## - PHYSICAL DESCRIPTION | |
| Extent | xi, 578 p. ; |
| Dimensions | 23 cm. |
| 504 ## - BIBLIOGRAPHY, ETC. NOTE | |
| Bibliography, etc | Includes bibliographical references (p. 573-578). |
| 610 24 - SUBJECT ADDED ENTRY--CORPORATE NAME | |
| Corporate name or jurisdiction name as entry element | Episcopal Church |
| Form subdivision | Dictionaries. |
| 951 ## - EQUIVALENCE OR CROSS-REFERENCE-GEOGRAPHIC NAME/AREA NAME [OBSOLETE] [CAN/MARC only] | |
| General subdivision | 00035188 |
| 700 1# - ADDED ENTRY--PERSONAL NAME | |
| Personal name | Armentrout, Donald S. |
| 700 1# - ADDED ENTRY--PERSONAL NAME | |
| Personal name | Slocum, Robert Boak, |
| Dates associated with a name | 1952- |
| 951 ## - EQUIVALENCE OR CROSS-REFERENCE-GEOGRAPHIC NAME/AREA NAME [OBSOLETE] [CAN/MARC only] | |
| -- | 30875 |
| -- | REFBX5007/Ep4a/2000 |
| -- | 070713114501328 |
| -- | 2000-12-21 |
| -- | REF |
| Withdrawn status | Lost status | Damaged status | Not for loan | Home library | Current library | Shelving location | Date acquired | Accession number | Shelving control number | Total Checkouts | Full call number | Barcode | Date last seen | Price effective from | Koha item type |
|---|---|---|---|---|---|---|---|---|---|---|---|---|---|---|---|
| BSOP Library | BSOP Library | Reference | 12/21/2000 | 30875 | 127 | REFBX5007/Ep4a/2000 | 00035188 | 02/23/2013 | 02/23/2013 | Books |
